Stati per produzione di Segale - Statistics

Statistiche generali
  • Questo quiz è stato fatto 6 volte
  • Il punteggio medio è 9 su 10
Statistiche sulle risposte
Produzione (tonnellate) Continente Nazione % Corretto
520 177 America del Nord Canada
100%
500 767 Asia Cina
100%
3 132 300 Europa Germania
100%
242 207 Europa Regno Unito
100%
2 178 808 Asia / Europa Russia
100%
312 460 America del Nord Stati Uniti
100%
314 030 Europa Ucraina
100%
750 000 Europa Bielorussia
75%
2 337 130 Europa Polonia
75%
691 470 Europa Danimarca
50%
Nessun quiz corrispondente trovato
Distribuzione punteggi
Percentuale di utenti per punteggio
Percentile per numero di risposta
I tuoi punteggi nel tempo
Non hai fatto questo quiz